000 00536nam a2200169Ia 4500
003 GCL
008 140319s9999 xx 000 0 ara d
040 _aGCL /
_cGCL
082 0 4 _a608
_bس ا
100 1 _aسعيد محمد موسى
245 1 0 _aالانشطة والاحصائيات /
_cسعيد محمد موسى
490 _aالهيئة العامة للاستعلامات
_v0
650 0 4 _aبراءات الاختراع
650 0 4 _aالاختراعات
650 0 4 _aالعلوم والتكنولوجيا
942 _2ddc
_cBK
999 _c51574
_d51574